| 000 | 00967nam a2200253 a 4500 | ||
|---|---|---|---|
| 999 |
_c400422 _d400422 |
||
| 003 | BLK | ||
| 005 | 20250703120604.0 | ||
| 008 | 210309b bu |||||r|||| 00| | bu d | ||
| 020 | _a9786191515356 | ||
| 040 | _aBLK | ||
| 041 |
_aBUL _cBUL |
||
| 080 |
_aИздания за деца и юноши. Книжки-картинки. Читанки. Вж и 372.4 _b087.5 _z087.5 |
||
| 139 |
_aДомашни любимци _bД 76 |
||
| 245 |
_aСред природата _bКнижка хармоника |
||
| 260 |
_9209582 _aСофия _bСофтПрес _c2020 |
||
| 300 |
_a16 с. _bс цв. ил. _c10 x 94 см, сгъната до 10 х 11 см |
||
| 380 | _a0 | ||
| 490 |
_9202161 _aПоредица Детски свят |
||
| 500 | _aКор. опис. - Кн. отпеч. на ламиниран картон | ||
| 852 | _aЦб І 40349 | ||
| 942 |
_cKNG _n0 _s1 _016 |
||
| 944 |
_aCR _c2021-03-09 _k30537 _lГрета Цуфелде |
||
| 999 | _d400422 | ||